000 00314nam a2200133Ia 4500
005 20260328101440.0
008 260328s9999||||xx |||||||||||||| ||und||
100 _aPignatti, Terisio
245 4 _aThe Age of Rococo /
_cTerisio Pignatti
260 _bPaul Hamlyn
300 _a157 p.
650 _aARTE
942 _cBK
999 _c8251
_d8251